[Event "FIDE World Cup"]
[Site "Baku"]
[Date "2015.09.16"]
[Round "2.3"]
[White "Giri, Anish"]
[Black "Motylev, Alexander"]
[Result "1-0"]
[WhiteElo "2798"]
[BlackElo "2649"]
[PlyCount "67"]
[EventDate "2015.09.11"]
[EventType "k.o."]
[EventRounds "7"]
[EventCountry "AZE"]
[SourceTitle "CBM 169"]
[Source "ChessBase"]
[SourceDate "2015.11.10"]
[SourceVersion "1"]
[SourceVersionDate "2015.11.10"]
[SourceQuality "1"]

1. Nf3 d5 2. g3 c6 3. Bg2 Bg4 4. O-O Nf6 5. d3 Nbd7 6. h3 Bh5 7. Qe1 e5 8. e4 dxe4 9. dxe4 Be7 10. Nbd2 O-O 11. Nc4 Qc7 12. Nh4 Rfe8 13. a4 a5 ({RR} 13... b6 14. Bd2 a6 15. Kh1 Bf8 16. b3 b5 17. Ne3 Nc5 18. Nef5 bxa4 19. bxa4 Rab8 20. Ba5 Qc8 21. g4 Bg6 22. Bc3 Nfd7 23. Qd2 Nb6 24. f4 Ncxa4 25. Bxe5 Nc4 26. Qd4 Nxe5 27. Qxa4 Nd7 28. e5 {Kramnik,V (2793)-Rowson,J (2569) London 2013 1-0 (47)}) 14. Bd2 ({RR} 14. Be3 Nc5 15. Nf5 Bf8 16. g4 Bg6 17. Bg5 Nfd7 18. b3 Ne6 19. Bd2 b6 20. c3 b5 21. axb5 cxb5 22. Nce3 f6 23. Nd5 Qc6 24. Kh1 Bf7 25. Rc1 a4 26. bxa4 bxa4 27. f4 Qa6 28. Ng3 exf4 {Dudkina,U (2005)-Novozhilov,S (2344) chess.com INT 2025 0-1 (43)}) 14... b6 15. Kh1 $146 ({RR} 15. Nf5 Bf8 16. g4 Bg6 17. Bg5 Bxf5 18. gxf5 h6 19. Be3 Bc5 20. Bf3 Rad8 21. Rd1 Bd4 22. Bc1 Nb8 23. c3 Bc5 24. Qe2 Rd7 25. Rxd7 Nbxd7 26. Rd1 Bf8 27. Ne3 Nc5 28. Qc2 Rd8 29. Rxd8 Qxd8 {Gregori,G (2034)-Koksal,E (2182) Maribor 2012 0-1 (55)}) ({RR} 15. Nf5 Bf8 16. Bg5 Bb4 17. c3 Bf8 18. g4 Bg6 19. Rd1 h6 20. Bh4 Bxf5 21. exf5 Nd5 22. Qd2 Nc5 23. Bxd5 cxd5 24. Qxd5 Nxa4 25. Bg3 Rac8 26. Nxe5 Nxb2 27. Nd3 Qxc3 28. Be5 Nxd1 29. Bxc3 Nxc3 {Mekhitarian,K (2565)-El Debs,F (2512) Joao Pessoa 2015 0-1 (40)}) 15... Nc5 16. g4 Nfd7 17. f4 b5 18. axb5 cxb5 19. Ne3 Qd8 20. Nhf5 exf4 21. Nd5 Bg6 22. Bxa5 Rxa5 23. Ndxe7+ Rxe7 24. Qxa5 Re8 25. Qxd8 Rxd8 26. Rad1 f6 27. Rxf4 Rb8 28. Rf2 Ne5 29. g5 fxg5 30. Rd5 Ncd7 31. Ne7+ Kh8 32. Nxg6+ hxg6 33. Rfd2 Rb7 34. Bf1 1-0

[Event "FIDE World Cup"]
[Site "Baku"]
[Date "2015.09.29"]
[Round "6.3"]
[White "Eljanov, Pavel"]
[Black "Karjakin, Sergey"]
[Result "1-0"]
[WhiteElo "2717"]
[BlackElo "2762"]
[Annotator "Ramirez Alvarez,Alejandro"]
[PlyCount "79"]
[EventDate "2015.09.11"]
[EventType "k.o."]
[EventRounds "7"]
[EventCountry "AZE"]
[SourceTitle "CBM 169"]
[Source "ChessBase"]
[SourceDate "2015.11.10"]
[SourceVersion "1"]
[SourceVersionDate "2015.11.10"]
[SourceQuality "1"]

1. Nf3 {Ramirez Alvarez,Alejandro} Nf6 2. g3 c5 3. Bg2 Nc6 4. O-O e5 5. e4 (5. c4 d5 {leads to Maroczy type of positions}) 5... Be7 6. Nc3 d6 ({RR} 6... O-O 7. d3 a6 8. Bg5 b5 9. Bxf6 Bxf6 10. Nd5 d6 11. a4 Be6 12. axb5 axb5 13. Rxa8 Qxa8 14. Nxf6+ gxf6 15. Nh4 Ne7 16. Qh5 Qc8 17. f4 Bg4 18. Qh6 Qe6 19. f5 Qa2 20. Qxf6 Be2 21. Re1 {Piliposyan,R (2409)-Fichter,F (2253) chess.com INT 2025 1-0}) 7. d3 O-O 8. a4 ({RR} 8. Kh1 Bd7 9. Ng1 Nd4 10. f4 exf4 11. gxf4 Bc6 12. Nce2 Nxe2 13. Nxe2 Re8 14. c4 b5 15. b3 Rb8 16. Nc3 bxc4 17. bxc4 Nd7 18. Bd2 Bf6 19. Rc1 Rb2 20. Rc2 Qb6 21. a4 a6 22. Bc1 Rb3 {Aronian,L (2793)-Karjakin,S (2781) Stavanger 2017 1-0 (39)}) 8... Nb4 {Even though it is hard to get rid of the knight here, I wonder what exactly it is doing on this square. I liked it better on c6, where it can go to d4 later.} 9. Nd2 $146 ({RR} 9. h3 Re8 10. Re1 Bd7 11. Nd2 Bc6 12. Nc4 Bf8 13. Bg5 h6 14. Bxf6 Qxf6 15. Na5 Bd7 16. Nb5 Qd8 17. Nc4 Be6 18. c3 Nc6 19. Ne3 a6 20. Na3 Rb8 21. Nd5 Ne7 22. Nc4 b5 23. axb5 axb5 {Eljanov,P (2717)-Karjakin,S (2762) Baku 2015 CBM 169 [Ramirez Alvarez,Alejandro] 0-1 (65)}) 9... h6 10. Nc4 Bg4 11. Qd2 {Avoiding the subtle weakness of f3.} Bd7 12. Nd1 Re8 13. Nde3 Bf8 14. c3 Nc6 15. f4 exf4 16. gxf4 {White's position is rather nice. He controls more center and his plan is more obvious - an important asset in a 25 minute game!} Be6 17. Qf2 Bxc4 18. Nxc4 d5 19. exd5 Nxd5 {Black is making some progress by simplifying the center and getting some pressure on the e-file. However now Eljanov has the pair of bishops in an open position, the g2 bishop might be particularly powerful in the future.} 20. Bd2 Nf6 21. Qf3 Na5 22. Ne5 Qb6 23. Rab1 Rad8 24. Kh1 Qb3 $6 25. Be1 Qxa4 $6 {Shameless pawn grabbing, but this was not the time to do it.} 26. Bh4 $1 Rd6 27. Ra1 $1 {Black's pieces in the queenside are rather awkward. Eljanov immediately exploits this.} Qb5 28. c4 Qa6 29. d4 $1 Rxd4 (29... cxd4 30. b4 $18) 30. Qc3 $1 (30. Bxf6 gxf6 31. Rxa5 $1 (31. Qg3+ Bg7 32. Rg1 fxe5 {lets the queen back into the game via the 6th rank.}) 31... Qxa5 32. Qg3+ Bg7 33. Rg1 $1 {was also decisive.}) 30... Ne4 (30... b6 31. Bxf6 gxf6 32. Qg3+ Bg7 33. Rg1 {is a much easier to calculate version of the above}) 31. Qxa5 Qxa5 32. Rxa5 Nd2 33. Rd1 {White's basically up a piece.} Bd6 34. Bf2 Bxe5 35. fxe5 Nxc4 36. Bxd4 Nxa5 37. Bc3 Nc4 38. e6 Rxe6 39. Rd8+ Kh7 40. Bd5 1-0

[Event "Bundesliga 1516"]
[Site "Germany"]
[Date "2015.09.20"]
[Round "2.5"]
[White "Michalik, Peter"]
[Black "Cyborowski, Lukasz"]
[Result "1-0"]
[WhiteElo "2570"]
[BlackElo "2530"]
[PlyCount "95"]
[EventDate "2015.09.18"]
[EventType "team-tourn"]
[EventRounds "15"]
[EventCountry "GER"]
[SourceTitle "EXT 2016"]
[Source "ChessBase"]
[SourceDate "2015.10.08"]
[SourceVersion "1"]
[SourceVersionDate "2015.10.08"]
[SourceQuality "1"]
[WhiteTeam "Schwaebisch Hall"]
[BlackTeam "Trier"]
[WhiteTeamCountry "GER"]
[BlackTeamCountry "GER"]

1. Nf3 Nf6 2. c4 e6 3. g3 d5 4. Bg2 d4 5. O-O c5 6. d3 Nc6 7. e3 Be7 8. exd4 cxd4 9. Re1 O-O 10. Na3 Nd7 ({RR} 10... Bc5 11. Ne5 Nxe5 12. Rxe5 Nd7 13. Re1 Re8 14. Bd2 Bxa3 15. bxa3 Rb8 16. Qa4 b6 17. Qxa7 Bb7 18. Qa4 Bxg2 19. Kxg2 Ra8 20. Qc2 Rxa3 21. Bb4 Qa8+ 22. Kg1 Ra4 23. a3 Nb8 24. Rab1 Nc6 25. Bd6 {Giri,A (2760)-Praggnanandhaa,R (2661) Miami 2022 ½-½ (34)}) 11. Nc2 e5 12. b4 ({RR} 12. a3 a5 13. Bd2 a4 14. Bb4 Re8 15. Bxe7 Rxe7 16. Nb4 f6 17. Nd5 Rf7 18. Nh4 Nc5 19. Qh5 g5 20. Nf3 Bf5 21. Nd2 Bg6 22. Qh6 Nxd3 23. Be4 Qf8 24. Qxf8+ Kxf8 25. Bxd3 Bxd3 26. Rac1 Ra5 {Matlak,O (2235)-Parpiev,I (2305) chess.com INT 2024 0-1 (40)}) 12... a6 $146 ({RR} 12... Nxb4 13. Nxe5 Nxc2 14. Qxc2 Nc5 15. Rb1 Qc7 16. Ba3 Ne6 17. Bxe7 Qxe7 18. Bd5 Qc7 19. f4 Rb8 20. f5 Nd8 21. Qf2 b6 22. Rb2 Bb7 23. Qxd4 Bxd5 24. Qxd5 Re8 25. Rbe2 h6 26. Nd7 Rxe2 27. Rxe2 {Peelen,P (2354)-Jackson,J (2157) Haarlem 2011 1-0}) ({RR} 12... Nxb4 13. Nxe5 Nxc2 14. Qxc2 Bb4 15. Bd2 Bxd2 16. Qxd2 Nc5 17. Rab1 g6 18. Rb5 Ne6 19. Bxb7 Bxb7 20. Rxb7 Nc5 21. Rb5 Rc8 22. Qa5 Qxa5 23. Rxa5 a6 24. Ra3 Rfd8 25. Kf1 f6 26. Nf3 Kf7 27. Nd2 {Balashov,Y (2395)-Osmolny,V (2092) St Petersburg 2022 1-0 (38)}) 13. Bd2 Bf6 14. h4 Re8 15. Ng5 Nf8 16. Bd5 Bxg5 17. hxg5 Ng6 18. Qf3 Be6 19. Be4 Qd7 20. a4 Bg4 21. Qg2 Bh3 22. Qh1 Bf5 23. b5 Bxe4 24. Qxe4 Nce7 25. Reb1 a5 26. b6 f5 27. gxf6 gxf6 28. Rb5 f5 29. Qf3 Nc6 30. Re1 e4 31. dxe4 Nge5 32. Qh5 Qf7 33. Qxf7+ Kxf7 34. Kg2 d3 35. Ne3 fxe4 36. Rh1 Kg6 37. Rh4 h5 38. Rxe4 Ng4 39. Rxe8 Rxe8 40. Rd5 Nce5 41. c5 Nf6 42. Rd6 Kf7 43. f4 Ned7 44. c6 bxc6 45. Rxc6 Re4 46. b7 Rxa4 47. Nc4 Ra1 48. Rxf6+ 1-0

[Event "Bundesliga 1516"]
[Site "Germany"]
[Date "2016.02.07"]
[Round "6.1"]
[White "Li, Chao B"]
[Black "Tregubov, Pavel V"]
[Result "1-0"]
[WhiteElo "2756"]
[BlackElo "2597"]
[PlyCount "65"]
[EventDate "2015.09.18"]
[EventType "team-tourn"]
[EventRounds "15"]
[EventCountry "GER"]
[SourceTitle "CBM 171"]
[Source "ChessBase"]
[SourceDate "2016.03.14"]
[SourceVersion "2"]
[SourceVersionDate "2016.03.14"]
[SourceQuality "1"]
[WhiteTeam "Schwaebisch Hall"]
[BlackTeam "Muelheim Nord"]
[WhiteTeamCountry "GER"]
[BlackTeamCountry "GER"]

1. Nf3 d5 2. g3 Nf6 3. Bg2 Bf5 4. O-O e6 5. d3 c6 6. Nbd2 h6 7. b3 Be7 8. Bb2 O-O 9. Qe1 a5 10. e4 Bh7 11. a3 c5 12. Ne5 a4 13. f4 Nc6 14. Nxc6 bxc6 15. Qe2 ({RR} 15. Kh1 Re8 16. Qe2 Qb6 17. Rae1 Nd7 18. g4 Bf8 19. g5 hxg5 20. fxg5 axb3 21. cxb3 d4 22. e5 Bf5 23. Rf4 g6 24. b4 cxb4 25. Nc4 Qc7 26. Nd6 Bxd6 27. exd6 Qb6 28. Bxd4 c5 29. Be5 Bxd3 {Li,C (2720)-Mareco,S (2664) Chess.com INT 2017 1-0 (33)}) 15... axb3 $146 ({RR} 15... Re8 16. g4 Nd7 17. Qf3 Rb8 18. g5 hxg5 19. fxg5 Rf8 20. h4 Bd6 21. Rae1 Ne5 22. Qh3 d4 23. Bc1 f5 24. h5 g6 25. exf5 exf5 26. Nc4 Nxc4 27. bxc4 Qd7 28. hxg6 Bxg6 29. Bf4 Bxf4 30. Rxf4 {Stojanovic,A (2337)-Bodnaruk,A (2399) Khanty-Mansiysk 2010 0-1 (48)}) 16. cxb3 Qb6 17. Kh1 Qa6 18. Rae1 Rfd8 19. f5 dxe4 20. fxe6 Qxd3 21. exf7+ Kxf7 22. Nxe4 Qxe2 23. Rxe2 Rab8 24. Bh3 Rb7 25. Be6+ Kf8 26. a4 Ra8 27. Nxf6 gxf6 28. Bc4 Bg8 29. Bxf6 Bxf6 30. Rxf6+ Kg7 31. Rxc6 Bxc4 32. bxc4 Ra5 33. Kg2 1-0

[Event "Bundesliga 1516"]
[Site "Germany"]
[Date "2015.09.18"]
[Round "7.2"]
[White "Bartel, Mateusz"]
[Black "Kraemer, Martin"]
[Result "1-0"]
[WhiteElo "2623"]
[BlackElo "2574"]
[PlyCount "117"]
[EventDate "2015.09.18"]
[EventType "team-tourn"]
[EventRounds "15"]
[EventCountry "GER"]
[SourceTitle "CBM 172"]
[Source "ChessBase"]
[SourceDate "2016.05.12"]
[SourceVersion "1"]
[SourceVersionDate "2016.05.12"]
[SourceQuality "1"]
[WhiteTeam "Dresden TU"]
[BlackTeam "Berlin SF"]
[WhiteTeamCountry "GER"]
[BlackTeamCountry "GER"]

1. Nf3 d5 2. c4 d4 3. b4 c5 4. e3 dxe3 5. fxe3 cxb4 6. d4 Nf6 7. Bd3 g6 8. Nbd2 $146 ({RR} 8. O-O Bg7 9. a3 bxa3 10. Nc3 O-O 11. Bxa3 Nc6 12. Qe1 b6 13. Rd1 a5 14. d5 Nb4 15. Nd4 Bd7 16. Ncb5 Qb8 17. Be2 Qe5 18. Kh1 Ng4 19. Bf3 Bh6 20. Bxg4 Bxg4 21. Qh4 Qg5 22. Qxg5 Bxg5 {Ringuet,N (2163)-Omelja,A (2435) Aix-en-Provence FRA 2023 0-1 (43)}) ({RR} 8. O-O Bg7 9. a3 bxa3 10. Bxa3 O-O 11. Nc3 Nc6 12. Kh1 b6 13. e4 Bg4 14. e5 Nh5 15. Be4 Rc8 16. Bxc6 Rxc6 17. Nd5 Rxc4 18. Nxe7+ Kh8 19. Qb3 Rc7 20. Ng5 Be6 21. Nxe6 fxe6 22. Qxe6 Nf4 {Aravindh,C (2718)-Nakamura,H (2802) chess.com INT 2024 1-0}) ({RR} 8. O-O Bg7 9. a3 bxa3 10. Nxa3 O-O 11. Nc2 Nbd7 12. h3 e5 13. dxe5 Nh5 14. Bb2 Re8 15. Nb4 Ng3 16. Rf2 Nxe5 17. Nxe5 Bxe5 18. Bxe5 Rxe5 19. Qf3 Nf5 20. Be4 Qh4 21. g4 Qg3+ 22. Qxg3 Nxg3 {Kobak,P (2071)-Hayrapetyan,N (2014) Yerevan ARM 2025 0-1 (42)}) ({RR} 8. a3 bxa3 9. O-O Bg7 10. Bxa3 O-O 11. Nc3 Nc6 12. h3 b6 13. Qe2 Bb7 14. Rac1 Rc8 15. Rfd1 Na5 16. Bb4 Nc6 17. Ba3 Bh6 18. Rc2 Re8 19. c5 e5 20. d5 Nxd5 21. Nxd5 Qxd5 22. Bxg6 Qb3 {Mareco,S (2664)-Nakamura,H (2793) Chess.com INT 2017 1-0}) 8... Bg7 9. Rb1 Nc6 10. Qe2 O-O 11. O-O Bg4 12. Bb2 Nh5 13. Qf2 a5 14. d5 Bxb2 15. Rxb2 Bxf3 16. Nxf3 Qd6 17. dxc6 Qxd3 18. cxb7 Rab8 19. Rd2 Qe4 20. Ng5 Qxb7 21. g4 Nf6 22. Qh4 h5 23. gxh5 Nxh5 24. Rdf2 Qb6 25. Qh3 f5 26. Rg2 Rf6 27. Kh1 Kg7 28. Nf3 Rh8 29. Nh4 Kf7 30. Nf3 Kg7 31. Nh4 Kf7 32. Nf3 Qb7 33. Qh4 Kg7 34. Qd4 Qe4 35. Qa7 f4 36. exf4 Nxf4 37. Rg4 Rh3 38. Qf2 Qxc4 39. Re1 Qf7 40. Qa7 Ne6 41. Ne5 Qe8 42. Nd7 Rhf3 43. Nxf6 Rxf6 44. Rge4 Qf7 45. Kg1 Ng5 46. Rxe7 Nf3+ 47. Kh1 Nxe1 48. Rxf7+ Rxf7 49. Qd4+ Kg8 50. Qg1 Kg7 51. Qxe1 Rf5 52. Qe7+ Kg8 53. Kg2 Kh8 54. Kg3 Kg8 55. Kg4 Kh8 56. h3 Kg8 57. h4 Kh8 58. h5 Rxh5 59. Qf7 1-0

[Event "Bundesliga 1516"]
[Site "Germany"]
[Date "2016.02.21"]
[Round "9.3"]
[White "Rapport, Richard"]
[Black "Aronian, Levon"]
[Result "1-0"]
[WhiteElo "2649"]
[BlackElo "2765"]
[PlyCount "173"]
[EventDate "2015.09.18"]
[EventType "team-tourn"]
[EventRounds "15"]
[EventCountry "GER"]
[SourceTitle "CBM 171"]
[Source "ChessBase"]
[SourceDate "2016.03.14"]
[SourceVersion "2"]
[SourceVersionDate "2016.03.14"]
[SourceQuality "1"]
[WhiteTeam "Solingen"]
[BlackTeam "Baden-Baden"]
[WhiteTeamCountry "GER"]
[BlackTeamCountry "GER"]

1. Nf3 d5 2. g3 Nf6 3. Bg2 e6 4. O-O Be7 5. d3 O-O 6. Nbd2 Nc6 7. d4 b6 8. b3 Bb7 9. Bb2 Na5 10. Ne5 c5 11. dxc5 Bxc5 12. Nd3 $146 ({RR} 12. c4 Rc8 13. Rc1 Be7 14. cxd5 Bxd5 15. Rxc8 Qxc8 16. e4 Bb7 17. Ng4 Nxg4 18. Qxg4 e5 19. Bh3 Qxg4 {½-½ (19) Markus,R (2600)-Kantor,G (2505) Budapest 2019}) 12... Be7 13. b4 Nc6 14. a3 Rc8 15. Re1 a5 16. b5 Nb8 17. c4 Nbd7 18. Rc1 Nc5 19. Ne5 Ncd7 20. Nd3 Nc5 21. Ne5 Ncd7 22. Ndf3 Bc5 23. Qa4 Qc7 24. Nxd7 Qxd7 25. Ne5 Qe7 26. cxd5 Nxd5 27. Nd3 Bd6 28. e4 Nc7 29. Qd4 Ne8 30. Qxb6 Rxc1 31. Nxc1 Bc5 32. Qxa5 Nf6 33. Nd3 Ra8 34. Qc3 Bb6 35. Nb4 h6 36. h3 Qd8 37. Qc2 Ra5 38. e5 Nd5 39. Nc6 Bxc6 40. Qxc6 Ne7 41. Qd6 Rxb5 42. Bd4 Nf5 43. Bxb6 Qxd6 44. exd6 Rxb6 45. d7 Rd6 46. a4 Rxd7 47. a5 Ra7 48. Ra1 Kf8 49. a6 Ke7 50. Bf1 Kd6 51. Kg2 Nd4 52. f4 Nb3 53. Rd1+ Kc7 54. f5 exf5 55. Rd5 Kc6 56. Rxf5 Nc5 57. Kf3 Kb6 58. Bc4 f6 59. Rd5 Rc7 60. Rd6+ Ka7 61. Bb5 Re7 62. h4 Ne4 63. Rd4 Nc5 64. Rd6 Ne4 65. Rd8 Nc5 66. Kg4 Kb6 67. Rb8+ Ka7 68. Rd8 Kb6 69. Rb8+ Ka7 70. Re8 Rc7 71. Re3 Kb6 72. Bf1 Nd7 73. Re8 Ne5+ 74. Kf5 Ka7 75. h5 Kb6 76. Ke6 Rc6+ 77. Ke7 Rc7+ 78. Kf8 g6 79. Rxe5 fxe5 80. hxg6 Rc6 81. Kf7 Rc7+ 82. Kf6 Rc6+ 83. Kf5 e4 84. g7 Rc5+ 85. Kg6 Rg5+ 86. Kxh6 Rxg3 87. Kh7 1-0

[Event "Bundesliga 1516"]
[Site "Germany"]
[Date "2016.04.09"]
[Round "12.7"]
[White "Rapport, Richard"]
[Black "Gajewski, Grzegorz"]
[Result "1-0"]
[WhiteElo "2649"]
[BlackElo "2646"]
[Annotator "ChessBase"]
[PlyCount "69"]
[EventDate "2015.09.18"]
[EventType "team-tourn"]
[EventRounds "15"]
[EventCountry "GER"]
[SourceTitle "CBM 172"]
[Source "ChessBase"]
[SourceDate "2016.05.12"]
[SourceVersion "1"]
[SourceVersionDate "2016.05.12"]
[SourceQuality "1"]
[WhiteTeam "Solingen"]
[BlackTeam "Dresden TU"]
[WhiteTeamCountry "GER"]
[BlackTeamCountry "GER"]

1. Nf3 d5 2. g3 Nf6 3. Bg2 e6 4. O-O Be7 5. d3 O-O 6. Nbd2 a5 {Aronians Zug, zuletzt im Kandidatenturnier gespielt.} 7. e4 a4 8. Re1 (8. a3 c5 9. Re1 Nc6 10. h4 dxe4 11. Nxe4 Nxe4 12. Rxe4 b5 13. Ng5 Ra6 14. Qh5 h6 15. Nf3 f5 16. Re1 Bd7 17. Ne5 Nxe5 18. Rxe5 Bd6 19. Re1 Qf6 20. Rb1 f4 21. Bxf4 Bxf4 22. gxf4 Qxf4 23. Qxc5 Rf5 24. Qe3 Qxh4 25. Qg3 Qh5 26. Qc7 Qf7 27. Qb7 Rd6 28. Qb8+ Qf8 29. Qxf8+ Kxf8 30. Re3 Bc6 31. Rbe1 {1/2-1/2 (31) Karjakin,S (2760)-Aronian,L (2786) Moscow 2016}) 8... a3 9. e5 ({RR} 9. b3 c5 10. e5 Nfd7 11. Nf1 Nc6 12. h4 b5 13. N1h2 Re8 14. Bf4 Nf8 15. Ng5 h6 16. Qh5 hxg5 17. hxg5 Ng6 18. Ng4 Nd4 19. c3 Nc2 20. Bf3 c4 21. Kg2 Bc5 22. d4 Bb6 23. Nf6+ Kf8 {Hungaski,R (2471)-Gao,R (2001) chess.com INT 2024 1-0 (64)}) 9... axb2 10. Bxb2 Nfd7 11. Nd4 Nc5 $146 ({RR} 11... Nb6 12. c4 Na4 13. Qc2 c6 14. N2b3 Nxb2 15. Qxb2 Nd7 16. cxd5 exd5 17. Nf5 Bb4 18. Re2 Ba3 19. Qd4 Re8 20. Rae1 Bf8 21. Qf4 Nc5 22. Nxc5 Bxc5 23. h4 Bxf5 24. Qxf5 Ra4 25. Bh3 g6 26. Qf3 {Martinovic,S (2539)-Jovanic,O (2427) Otocec 2016 ½-½ (35)}) 12. N2b3 Nbd7 13. Bc3 Ra6 14. h4 Na4 15. Bd2 c5 16. Nb5 f6 17. exf6 Bxf6 18. Rb1 Ne5 19. Qe2 c4 20. f4 Nxd3 ({Wenn Schwarz erst} 20... Qb6+ {spielt, hat Weiß die Möglichkeit d3-d4 nicht zur Verfügung.} 21. Kh2 (21. N3d4 Nxd3 22. cxd3 Bxd4+ 23. Nxd4 Qxd4+ 24. Be3 Qxd3 25. Qxd3 cxd3 $13 {Schwarz hat Material gewonnen, aber Weiß steht aktiv und hat das Läuferpaar.}) 21... Nxd3 22. cxd3 Qxb5 23. dxc4 dxc4 24. Nd4 Qd7 {mit schwarzem Mehrbauern.}) 21. cxd3 cxb3 (21... Qb6+ 22. Be3 Qxb5 23. Nc5 Qc6 24. Nxa6 Qxa6 {mit dynamischem Gleichgewicht.}) 22. axb3 Qb6+ $2 {Nun falsch wegen} ({Spielbar war} 22... Nc5 23. Rec1 Qb6) 23. d4 {Sb5 ist gedeckt, Sa4 hat kein Rückzugfeld. Schwarz verliert eine Figur. Die Partie ist entschieden.} Nb2 24. Rxb2 Bd7 25. Nc3 Qxd4+ 26. Kh2 Rc8 27. Rc2 Rac6 28. Nb5 Qb6 29. Rxc6 bxc6 30. Nd6 Ra8 31. Bh3 h6 32. Bxe6+ Bxe6 33. Qxe6+ Kh7 34. Qf5+ Kg8 35. Kh3 1-0

[Event "CRO-chT1A 24th"]
[Site "Bol"]
[Date "2015.10.10"]
[Round "8.52"]
[White "Lenic, Luka"]
[Black "Oparin, Grigoriy"]
[Result "1-0"]
[WhiteElo "2639"]
[BlackElo "2569"]
[PlyCount "83"]
[EventDate "2015.10.03"]
[EventType "team-tourn"]
[EventRounds "9"]
[EventCountry "CRO"]
[SourceTitle "CBM 168 Extra"]
[Source "ChessBase"]
[SourceDate "2015.10.29"]
[SourceVersion "1"]
[SourceVersionDate "2015.10.29"]
[SourceQuality "1"]
[WhiteTeam "Rijeka Liburnija"]
[BlackTeam "Solin Cemex"]
[WhiteTeamCountry "CRO"]
[BlackTeamCountry "CRO"]

1. Nf3 Nf6 2. g3 d5 3. Bg2 c6 4. O-O Bg4 5. d3 Nbd7 6. h3 Bh5 7. Qe1 e5 8. e4 dxe4 9. dxe4 Bc5 10. a4 a5 11. Na3 O-O 12. Nc4 Qc7 13. Bd2 b6 14. Nh4 Rfe8 15. Kh1 ({RR} 15. Bc3 Nf8 16. Nf5 N6d7 17. Kh1 f6 18. f3 Bf7 19. Qe2 Ne6 20. Rfd1 Nd4 21. Bxd4 exd4 22. f4 Rad8 23. Qg4 Bg6 24. Nxd4 Bxd4 25. Rxd4 Ne5 26. Nxe5 Rxd4 27. Nxg6 hxg6 28. Qxg6 Qf7 29. Qg4 Qe6 {Efimov,L (2058)-Popov,K (2364) Ershovo RUS 2024 0-1 (39)}) 15... Nf8 16. f4 ({RR} 16. Bc3 N6d7 17. Bf3 Bxf3+ 18. Nxf3 f6 19. Qe2 Ne6 20. Rfd1 Rad8 21. Ncd2 Bd4 22. Bxd4 exd4 23. Nb3 Ndc5 24. Nxc5 Nxc5 25. Qc4+ Qf7 26. Rxd4 Qxc4 27. Rxc4 Rxe4 28. Rxe4 Nxe4 29. Kg2 Kf7 30. h4 Rd5 {Lenic,L (2625)-Bogner,S (2549) Reykjavik 2015 ½-½ (40)}) 16... exf4 17. gxf4 $146 ({RR} 17. Bxf4 Qa7 18. Nf5 Rad8 19. Bg5 Re6 20. e5 N8d7 21. Qd2 Qb8 22. exf6 Nxf6 23. Qc3 Bb4 24. Qb3 Be2 25. Rf4 b5 26. axb5 cxb5 27. Nxa5 Bxa5 28. Bxf6 Bc4 29. Nh6+ gxh6 30. Rg4+ Kf8 31. Qa3+ Rdd6 {Martinovic,S (2539)-Testor,S (2303) Germany 2020 1-0 (37)}) ({RR} 17. Bxf4 Qa7 18. Nf5 Rad8 19. Bg5 Re6 20. e5 N8d7 21. Qd2 Qb8 22. exf6 Nxf6 23. Qc3 Bb4 24. Qb3 Be2 25. Rf4 b5 26. axb5 cxb5 27. Nxa5 Bxa5 28. Bxf6 Bc4 29. Nh6+ gxh6 30. Rg4+ Kf8 31. Qa3+ Rdd6 {Martinovic,S (2539)-Testor,S (2303) Germany 2020 1-0 (37)}) 17... Nxe4 18. Bxe4 f6 19. Bc3 Rad8 20. Nd2 Bf7 21. Rd1 Bh5 22. Ra1 Bf7 23. Rf3 Ng6 24. Qg3 Rxd2 25. Bxg6 hxg6 26. Bxd2 Bd5 27. Re1 Qd7 28. Kh2 Rxe1 29. Qxe1 Bxf3 30. Nxf3 Qf5 31. Qe8+ Kh7 32. Ne1 Qd5 33. Qe2 Qd4 34. Nf3 Qxb2 35. Qd3 Qa1 36. h4 f5 37. h5 Qxa4 38. Ng5+ Kh6 39. Nf7+ Kh7 40. Ng5+ Kh6 41. Qd8 gxh5 42. Qg8 1-0

[Event "CRO-chT1A 24th"]
[Site "Bol"]
[Date "2015.10.11"]
[Round "9.11"]
[White "Saric, Ivan"]
[Black "Sprenger, Jan Michael"]
[Result "1-0"]
[WhiteElo "2678"]
[BlackElo "2510"]
[PlyCount "59"]
[EventDate "2015.10.03"]
[EventType "team-tourn"]
[EventRounds "9"]
[EventCountry "CRO"]
[SourceTitle "CBM 168 Extra"]
[Source "ChessBase"]
[SourceDate "2015.10.29"]
[SourceVersion "1"]
[SourceVersionDate "2015.10.29"]
[SourceQuality "1"]
[WhiteTeam "Rijeka Liburnija"]
[BlackTeam "Split Brda"]
[WhiteTeamCountry "CRO"]
[BlackTeamCountry "CRO"]

1. e4 c5 2. Nf3 e6 3. d3 Nc6 4. g3 g6 5. Bg2 Bg7 6. O-O Nge7 7. Re1 d6 8. c3 O-O 9. d4 cxd4 10. cxd4 d5 11. e5 b6 12. Nc3 Ba6 13. Bf4 h6 14. h4 Nf5 15. Qa4 $146 ({RR} 15. Qd2 Kh7 16. Nd1 Qe7 17. Rc1 Rac8 18. g4 Nxh4 19. Nxh4 Qxh4 20. Rc3 Qe7 21. Rh3 Rh8 22. Bxh6 Kg8 23. Bg5 Qb4 24. Rc3 Bf8 25. Be3 Qe7 26. Bg5 Qc7 27. a3 Be7 28. Bf6 Bxf6 29. Rxc6 Bxe5 {Perez Garcia,H-Belkhodja,S (2375) Dieren 1987 ½-½ (46)}) 15... Bb7 16. Rac1 a6 17. Qd1 b5 18. Qd2 Rc8 19. Ne2 Qe7 20. Rc3 b4 21. Rd3 h5 22. Bh3 a5 23. Bxf5 exf5 24. Bg5 Qd7 25. Nf4 Nd8 26. Bxd8 Rfxd8 27. e6 fxe6 28. Rxe6 Rc6 29. Rde3 Rxe6 30. Rxe6 1-0